| 000 | 00446pab a2200157 454500 | ||
|---|---|---|---|
| 008 | 180718b2010 xxu||||| |||| 00| 0 eng d | ||
| 100 | _aBarabanschikow, Vladimir | ||
| 245 | _aWhat does the transmitted image of a human face tell an observer about personality traits? | ||
| 260 | _c2010 | ||
| 300 | _ap.465-488. | ||
| 362 | _aSep | ||
| 650 | _aPersonality development | ||
| 773 | _aSocial Science Information | ||
| 908 | _aN | ||
| 909 | _a89381 | ||
| 999 |
_c89381 _d89381 |
||